Innováció Gyógyszeripari pólushálózat

Elmentve itt :
Bibliográfiai részletek
Dokumentumtípus: Cikk
Megjelent: 2009-02-26
Sorozat:Heti Válasz
Kulcsszavak:Gyógyszeripari Innovációs Pólushálózat
Online Access:http://univ.bibl.u-szeged.hu/37071
LEADER 00469nab a2200157 i 4500
001 univ37071
005 20171214143536.0
008 171214s2009 hu o 0|| zxx d
040 |a SZTE UnivHistória Repozitórium  |b hun 
041 |a zxx 
245 0 0 |a Innováció   |h [elektronikus dokumentum] :  |b Gyógyszeripari pólushálózat 
260 |c 2009-02-26 
300 |a 27 
490 0 |a Heti Válasz 
561 |a Egyetemi hirarchívum 
695 |a Gyógyszeripari Innovációs Pólushálózat